Water demand forecasting : (Record no. 10474)

MARC details
000 -LEADER
fixed length control field 00883nam a2200265 4500
001 - CONTROL NUMBER
control field 1482388
005 - DATE AND TIME OF LATEST TRANSACTION
control field 20150619093114.0
007 - PHYSICAL DESCRIPTION FIXED FIELD--GENERAL INFORMATION
fixed length control field 000
008 - FIXED-LENGTH DATA ELEMENTS--GENERAL INFORMATION
fixed length control field 000
010 ## - LIBRARY OF CONGRESS CONTROL NUMBER
LC control number 87127184
020 ## - INTERNATIONAL STANDARD BOOK NUMBER
International Standard Book Number 0860942147 :
Terms of availability £20.00
040 ## - CATALOGING SOURCE
Original cataloging agency UOEL
Transcribing agency DLC
Modifying agency DLC
050 00 - LIBRARY OF CONGRESS CALL NUMBER
Classification number HD1690.5
Item number .W383 1986
082 00 - DEWEY DECIMAL CLASSIFICATION NUMBER
Classification number 333.91/13
Edition number 19
245 00 - TITLE STATEMENT
Title Water demand forecasting :
Remainder of title proceedings of a workshop /
Statement of responsibility, etc sponsored by the Economic and Social Research Council ; edited by Vince Gardiner and Paul Herrington.
260 ## - PUBLICATION, DISTRIBUTION, ETC. (IMPRINT)
Place of publication, distribution, etc Norwich, U.K. :
Name of publisher, distributor, etc Geo Books,
Date of publication, distribution, etc c1986.
300 ## - PHYSICAL DESCRIPTION
Extent 139 p. :
Other physical details ill. ;
Dimensions 22 cm.
500 ## - GENERAL NOTE
General note Includes bibliographies.
650 #0 - SUBJECT ADDED ENTRY--TOPICAL TERM
Topical term or geographic name as entry element Water consumption
General subdivision Forecasting
-- Congresses.
700 1# - ADDED ENTRY--PERSONAL NAME
Personal name Gardiner, V.
Personal name Herrington, Paul.
710 2# - ADDED ENTRY--CORPORATE NAME
Corporate name or jurisdiction name as entry element Economic and Social Research Council (Great Britain)
906 ## - LOCAL DATA ELEMENT F, LDF (RLIN)
a 7
b cbc
c orignew
d 3
e ncip
f 19
g y-gencatlg
942 ## - ADDED ENTRY ELEMENTS (KOHA)
Source of classification or shelving scheme Library of Congress Classification
Item type Loan - Normal on open shelf
Holdings
Withdrawn status Lost status Source of classification or shelving scheme Damaged status Not for loan Home library Current library Shelving location Date acquired Total Checkouts Full call number Barcode Date last seen Copy number Price effective from Koha item type
    Library of Congress Classification     UOE Main Library UOE Main Library Open shelf 19/06/2015   HD1690.5 .W383 1986 10050740 27/04/2026 10050740 19/06/2015 Loan - Normal on open shelf
    Library of Congress Classification     UOE Main Library UOE Main Library Open shelf 27/07/2017   HD1690.5 .W383 1986 10004867 27/04/2026 10004867 27/07/2017 SES Book
    Library of Congress Classification     UOE Main Library UOE Main Library Open shelf 27/07/2017   HD1690.5 .W383 1986 10004866 27/04/2026 10004866 27/07/2017 SES Book